header

An introduction to pidgin and creoles (Record no. 48191)

MARC details
000 -LEADER
fixed length control field 01282nam a2200337 a 4500
082 04 - DEWEY DECIMAL CLASSIFICATION NUMBER
Classification number 417/.22
100 1# - MAIN ENTRY--AUTHOR NAME
Personal name Holm, John A.
245 13 - TITLE STATEMENT
Title An introduction to pidgin and creoles
260 ## - PUBLICATION, DISTRIBUTION, ETC. (IMPRINT)
Place of publication Cambridge [England] ;
-- New York :
Name of publisher Cambridge University Press,
Year of publication 2000.
300 ## - PHYSICAL DESCRIPTION
Number of Pages xxi, 282 p.
490 1# - SERIES STATEMENT
Series statement Cambridge textbooks in linguistics
650 #0 - SUBJECT ADDED ENTRY--TOPICAL TERM
Topical Term Creole dialects.
Topical Term Pidgin languages.
856 40 - ELECTRONIC LOCATION AND ACCESS
Uniform Resource Identifier http://site.ebrary.com/lib/rucke/Doc?id=10064623

No items available.

© 2026 Rongo University
Contact us: librarian | system librarian | Rongo university